| 000 | 01158cab a22002415a 4500 | ||
|---|---|---|---|
| 001 | L157042 | ||
| 008 | 120817e2012 xxk 000 0 eng d | ||
| 035 | _a(Sirsi) u157042 | ||
| 041 | 0 | _aeng | |
| 100 | 1 | _aMclean, Simon | |
| 245 | 0 | 0 | _aIdentification of the presence and impact of Japanese knotweed on development sites |
| 260 | _c2012 | ||
| 490 |
_aJournal of Building Survey, Appraisal & Valuation _v1(2) 2012, 129-135(7) |
||
| 520 | _aA step by step guide on how to identify the presence of Japanese knotweed "Fallopia Japonica" on a development site. Looks at the options for its treatment and eradication from sites which are either complete removal or insitu chemical treatment. Property owners must abide by the Environment Agency's Code of Practice on "Managing Japanese knotweed on development sites" | ||
| 590 | _aKA | ||
| 650 | 2 | 4 | _aENVIRONMENTAL PROTECTION ACT 1990 |
| 650 | 2 | 4 | _aENVIRONMENTAL PROTECTION ACT (DUTY OF CARE) REGULATIONS 1992 |
| 650 | 2 | 4 | _aWASTE DISPOSAL MANAGEMENT LICENSING REGULATIONS 1994 |
| 651 | 4 |
_aUnited Kingdom _y |
|
| 690 |
_aContamination _96231 |
||
| 690 |
_aPlanning and development _96259 |
||
| 942 | _n0 | ||
| 999 |
_c84246 _d84246 |
||